000 00563nam a2200181Ia 4500
003 IN-BaIIA
008 211028s9999 xx 000 0 eng d
020 _a0-306-10999-9
040 _cIIA Library
080 _a047.1:533.9
_bREV-9
245 0 _aReviews of plasma physics
_bvol. 9
_cedited by M.A. Leontovich
260 _aNew York
_bConsultants Bureau
_c1986
300 _axii, 339p.
650 _aAstrophysics Thessarus
_915484
650 _aPlasma physics
_93732
700 _aLeontovich,M.A., ed.,
_911871
942 _cBK
999 _c9216
_d9216